30 Random Missing Countries on a Map - Statistics

General Stats
  • This quiz has been taken 9,208 times
  • The average score is 26 of 30
Answers on the Map
Answers color-coded by a green-red scale on the quiz's map according to % correct below.
 
Answer Stats
Country % Correct
Algeria
100%
Argentina
100%
Brazil
100%
Canada
100%
China
100%
Colombia
100%
Mexico
100%
Russia
100%
United States
100%
Afghanistan
99%
Austria
99%
Chad
99%
Egypt
99%
France
99%
Germany
99%
Kazakhstan
99%
Panama
99%
Paraguay
99%
Sweden
99%
Venezuela
99%
Bolivia
98%
Botswana
98%
Democratic Republic of the Congo
98%
India
98%
Libya
98%
Mali
98%
Mongolia
98%
Nepal
98%
Niger
98%
Peru
98%
Sudan
98%
Australia
97%
Czech Republic
97%
Indonesia
97%
Iran
97%
Namibia
97%
Pakistan
97%
Saudi Arabia
97%
South Africa
97%
Spain
97%
Switzerland
97%
Turkey
97%
Uzbekistan
97%
Angola
96%
Belarus
96%
Central African Republic
96%
Ethiopia
96%
Guatemala
96%
Italy
96%
Mozambique
96%
Nigeria
96%
Poland
96%
Romania
96%
South Sudan
96%
Ukraine
96%
Costa Rica
95%
Finland
95%
Nicaragua
95%
Slovakia
95%
Thailand
95%
United Kingdom
95%
Bhutan
94%
Ecuador
94%
Hungary
94%
Iraq
94%
Ivory Coast
94%
Kenya
94%
Laos
94%
Lithuania
94%
Mauritania
94%
Myanmar
94%
Republic of the Congo
94%
Zambia
94%
Burkina Faso
93%
Croatia
93%
Honduras
93%
Morocco
93%
Tanzania
93%
Belgium
92%
Bulgaria
92%
Guinea
92%
Guyana
92%
Kyrgyzstan
92%
Norway
92%
Serbia
92%
Suriname
92%
Togo
92%
Turkmenistan
92%
Uruguay
92%
Yemen
92%
Zimbabwe
92%
Ghana
91%
Bosnia and Herzegovina
90%
Cameroon
90%
Chile
90%
Japan
90%
Latvia
90%
Oman
90%
Senegal
90%
Tajikistan
90%
Uganda
90%
Benin
89%
Greece
89%
Moldova
89%
North Korea
89%
North Macedonia
89%
Portugal
89%
Bangladesh
88%
Malawi
88%
South Korea
88%
Tunisia
88%
Armenia
87%
Denmark
87%
Gabon
87%
Malaysia
87%
Syria
87%
Dominican Republic
86%
Vietnam
86%
Cuba
85%
Haiti
85%
Jordan
85%
Kosovo
85%
Lesotho
85%
Slovenia
85%
Azerbaijan
84%
Cambodia
84%
Eritrea
84%
Liberia
84%
Papua New Guinea
83%
Sierra Leone
83%
Burundi
82%
Netherlands
82%
Rwanda
82%
Georgia
81%
Guinea-Bissau
81%
New Zealand
81%
Philippines
81%
Somalia
81%
Taiwan
80%
Estonia
79%
Mauritius
79%
Seychelles
79%
Iceland
78%
Ireland
78%
Montenegro
78%
Belize
77%
Madagascar
77%
Micronesia
77%
Bahamas
76%
Eswatini
76%
Comoros
75%
Kiribati
75%
Sri Lanka
75%
Fiji
74%
Maldives
74%
São Tomé and Príncipe
74%
Jamaica
73%
Palau
73%
Equatorial Guinea
72%
Tuvalu
72%
United Arab Emirates
72%
Albania
71%
Cape Verde
71%
El Salvador
71%
Israel
71%
Kuwait
71%
Marshall Islands
71%
Nauru
71%
Luxembourg
70%
Samoa
70%
Solomon Islands
70%
Tonga
69%
Malta
67%
Djibouti
65%
Gambia
63%
Qatar
63%
Cyprus
61%
Vanuatu
59%
Lebanon
53%
Trinidad and Tobago
43%
East Timor
38%
No matching quizzes found
Score Distribution
Percent of People with Each Score
Percentile by Number Answered
Your Score History
You have not taken this quiz